Loading...
| Fine Arts - Classical Music | 6 | 11.67 | 100% | 17% | 0% |
| Fine Arts - Other Fine Arts | 2 | 10.00 | 50% | 50% | 0% |
| Fine Arts - Visual Fine Arts | 2 | 10.00 | 50% | 50% | 0% |
| History - American History | 5 | 8.00 | 80% | 0% | 0% |
| History - European History | 6 | 10.00 | 100% | 0% | 0% |
| History - Other History | 4 | 17.50 | 75% | 75% | 25% |
| History - World History | 3 | 10.00 | 100% | 0% | 0% |
| Literature - American Literature | 3 | 6.67 | 67% | 0% | 0% |
| Literature - British Literature | 4 | 7.50 | 50% | 25% | 0% |
| Literature - European Literature | 3 | 16.67 | 100% | 33% | 33% |
| Literature - World/Other Literature | 4 | 12.50 | 100% | 25% | 0% |
| Mythology | 3 | 10.00 | 100% | 0% | 0% |
| Other Academic | 1 | 20.00 | 100% | 100% | 0% |
| Philosophy | 6 | 16.67 | 83% | 67% | 17% |
| Pop Culture | 1 | 30.00 | 100% | 100% | 100% |
| Religion | 3 | 6.67 | 67% | 0% | 0% |
| Science - Biology | 4 | 15.00 | 100% | 25% | 25% |
| Science - Chemistry | 7 | 18.57 | 100% | 43% | 43% |
| Science - Other Science | 5 | 10.00 | 100% | 0% | 0% |
| Science - Physics | 3 | 10.00 | 100% | 0% | 0% |
| Social Science | 3 | 13.33 | 100% | 33% | 0% |
| World/Other Literature> | 1 | 10.00 | 100% | 0% | 0% |